000
00297nam a2200133 a 4500
001
4144
005
20140414131923.0
008
090317s19uu xx 00 eng d
050
_a
ER
_b
T14 1992
100
_a
Potter, Beatrix
245
_a
Tale of Tom kitten.
999
_c
111874
_d
111874